Представление документа в формате RUSMARC

ПолеНазваниеЗначение
  Тип записи a
  Библиографический уровень m
001 Контрольный номер RU/CBS_UL/BASE/712421933
005 Дата корректировки 20240209175051.6
010 Индекс ISBN __
a ISBN 978-5-353-09553-8
b Уточнения в пер.
d Цена 638 р. 97 к.
9 Тираж 3 000 экз.
100 Данные общей обработки __
a Данные общей обработки 20170201d2017 ||| 0rusy0189 ca
101 Язык документа 0_
a Язык текста rus
102 Страна публикации __
a Страна публикации RU
105 Кодированные данные (монография) __
a Кодированные данные (монография) y###||||000|y
181 Поле кодированных данных: вид содержания _1
a Код вида содержания (ISBD) i#
b Код характеристики содержания (ISBD) #xxe##
d i
g x
h x
i e
182 Поле кодированных данных: тип средства _1
a Код типа средства (ISBD) n
2 Код системы (источник кода, отличный от ISBD) isbdmedia
200 Заглавие и сведения об ответственности 1_
a Заглавие Оружие Победы
b Общее обозначение материала Текст
f Первые сведения об ответственности В. А. Бакурский, Б. В. Соломонов, С. Л. Федосеев
w Текст (визуальный) : непосредственный
203 Вид содержания и тип средства __
a Вид содержания Текст
b Характеристика содержания визуальный
c Тип средства непосредственный
210 Выходные данные 1_
a Место издания Москва
c Издательство РОСМЭН
d Дата издания 2020
215 Физическое описание __
a Объем 183 с.
c Иллюстрации/тип воспроизводства ил.
d Формат 28 см.
300 Общие примечания __
a Общие примечания На обл. авт. не указаны
333 Примечание о целевом назначении __
a Примечание о целевом назначении 12+
606 Тематические рубрики 0_
a Основная рубрика Военная техника - История
610 Ключевые слова 0_
a Ключевые слова история военная
a Ключевые слова техника военная
a Ключевые слова виды вооружении
a Ключевые слова войска сухопутные
a Ключевые слова артиллерия
a Ключевые слова авиация
a Ключевые слова флот
a Ключевые слова корабли
a Ключевые слова война Великая Отечественная
686 Индексы других классификаций __
a Классификационный индекс 68.8
2 Код системы ББК
700 Автор _0
a Фамилия Бакурский
b Имя (инициалы) Виктор Александрович
g Полное личное имя В. А.
701 Альтернативная интеллектуальная ответственность _0
a Фамилия Соломонов
b Имя (инициалы) Б. В.
701 Альтернативная интеллектуальная ответственность _0
a Фамилия Федосеев
b Имя (инициалы) С. Л.
801 Источник записи _0
a Страна RU
b Организация МБУК ЦБС
c Дата составления 20170201
g Правила каталогизации RCR
801 Источник записи _1
a Страна RU
b Организация МБУК ЦБС г. Ульяновска
c Дата составления 20170201
g Правила каталогизации RCR
899 Данные о местонахождении __
i Авторский знак Б 19
j Расстановочный фильтр 68.8
900 Электронные ресурсы __
a Имя электронного ресурса оружие победы
901 Тип документа __
t Тип документа m
910 Корректоры записи __
a Корректор записи Скрипина